[Event "Douglas IoM op"]
[Site "Douglas"]
[Date "2017.09.25"]
[Round "3"]
[White "Tarjan, James Edward"]
[Black "Kramnik, Vladimir"]
[Result "1-0"]
[WhiteElo "2412"]
[BlackElo "2803"]
[Annotator "Roiz,M"]
[PlyCount "111"]
[EventDate "2017.09.23"]
[EventType "swiss"]
[EventRounds "9"]
[EventCountry "IOM"]
[SourceTitle "CBM 181"]
[Source "ChessBase"]
[SourceDate "2017.11.10"]
[SourceVersion "1"]
[SourceVersionDate "2017.11.10"]
[SourceQuality "1"]

1. c4 {James is a famous grandmaster and a member of American Olympic team in
70s and 80s. From 1984 he gave up professional chess and was working as a
librarian. This, especially after beating the former world champion, can be
considered as a huge comeback!} Nf6 2. g3 c6 3. Nf3 d5 4. b3 {It's not
surprising, that James doesn't choose to challenge his great opponent in the
main theoretical lines.} Bg4 5. Bg2 e6 6. O-O Nbd7 7. Bb2 Bd6 8. d3 O-O 9. Nbd2
Re8 ({Another natural continuation} 9... Qe7 {was recently seen in another
high-level game:} 10. h3 Bh5 11. a3 a5 12. Qc2 Rfc8 13. e4 dxe4 14. dxe4 e5 $11
{Nepomniachtchi,I - Salem,A Moscow RUS 2017, Black was fine and eventually won.
}) 10. h3 Bh5 {Vladimir is sensibly avoiding exchanging his light-squared
bishop.} (10... Bxf3 11. Bxf3 a5 12. a3 Rb8 13. Qc2 Qe7 14. e3 e5 15. Bg2 h6
16. Rfc1 b5 17. cxd5 cxd5 18. Nf3 $14 {Rustemov,A - Solozhenkin,E Sochi RUS
2004}) 11. Re1 {White is getting ready to stabilise the pawn structure in the
centre.} ({Another possible setup} 11. Qc2 e5 12. e3 {also leads to a long
strategic battle:} a5 13. a3 Qe7 14. Nh4 Bg6 (14... Qe6 $142 15. e4 dxe4 16.
dxe4 Red8 17. Nf5 Bf8 $11) 15. Rfc1 Rab8 16. cxd5 cxd5 17. Nb1 $14 {Kurajica,B
- Kuljasevic,D Pula CRO 2004}) 11... a5 12. a3 e5 13. cxd5 (13. e4 {is
inferior:} dxe4 14. Nxe4 Nxe4 15. dxe4 Bc5 $15 {Janzelj,T - Skoberne,J Maribor
SLO 2017}) 13... cxd5 14. Nh4 Nc5 $146 {This aggressive move is a novelty. The
knight isn't only threatening to capture the d3-pawn, but also supporting the
key e5-e4 advance.} ({The previously played} 14... Bc5 15. Rc1 (15. d4 exd4 16.
Ndf3 Ne4 17. Bxd4 Rc8 $132) 15... Qb6 16. Rf1 Rad8 $132 {led to a complex
struggle in Hamdouchi,A - Ionescu Brandis,I Romania 2001.}) 15. Qc2 ({Another
possibility was} 15. Ndf3 e4 16. dxe4 dxe4 17. b4 $1 axb4 18. axb4 Na6 ({
Nor does} 18... exf3 {offer anything special:} 19. Rxa8 Qxa8 20. bxc5 fxe2 21.
Qxd6 Qa5 22. Rxe2 Rxe2 23. Bxf6 Qe1+ 24. Kh2 gxf6 25. Qb8+ Re8 26. Qxb7 Qxf2
27. c6 $11) 19. Ng5 Bxb4 20. Qxd8 Raxd8 21. Reb1 {The pressure along the
b-file enables White to regain the pawn and equalise.}) 15... Ne6 ({In the
event of} 15... Rc8 16. Rac1 {White is just in time to remove his queen from
the c-file. The play might continue:} Qd7 17. Qb1 b6 18. b4 axb4 19. axb4 Na4
20. g4 Bxg4 $5 {A typical piece sac, which is aimed at complicating matters} (
20... Bg6 21. Ba1 $132) 21. hxg4 Qxg4 22. Nhf3 Nxb2 23. Qxb2 e4 24. Rxc8 Rxc8
25. dxe4 dxe4 26. Ne5 Qf4 27. Ndc4 $132 {Tense, double-edged play lies ahead.})
16. Rac1 (16. Ndf3 $5 {also deserved serious consideration:} Rc8 17. Qd1 e4 18.
Nd4 $132) 16... Nd4 17. Qd1 Nb5 18. Nb1 $6 {This is too passive.} ({I guess,
Vladimir was intending to meet} 18. a4 {with} Nd4 $5 ({The quiet} 18... Na7 19.
g4 Bg6 20. Nxg6 hxg6 21. e3 {looks rather comfortable for White.}) 19. Bxd4
exd4 20. Nf5 Ba3 21. Rc2 Qb6 22. Qa1 Bb4 23. Qxd4 Qe6 {Black has sufficient
compensation for a pawn due to his powerful bishop pair.}) 18... Qd7 19. Kh2 (
19. Nc3 Nxc3 20. Rxc3 Ra6 $15) 19... Ra6 $5 {Not the only, but the most
attractive way of extending the initiative - the rook is moving towards the
kingside.} 20. Nf3 e4 21. dxe4 Nxe4 {This continuation is logically connected
with Vladimir's 19th move.} ({However, there was also the promising} 21... dxe4
$5 22. Nd4 Nxd4 $1 (22... Bxg3+ 23. fxg3 Rd6 {doesn't offer Black anything
special:} 24. Rc4 Rd8 25. Qd2 Nxd4 26. Bxd4 Rxd4 27. Qxa5 $132) 23. Qxd4 Qf5
24. Qe3 Bg6 $15 {White would suffer from a lack of space and a passive
g2-bishop.}) 22. Rf1 {A sad necessity. White's position looks solid, but
rather passive now.} Bb8 $6 {This natural move turns out to be a loss of tempo.
} ({Unexpectedly} 22... h6 $1 {seems the best way of extending the initiative:}
23. Kg1 (23. a4 $2 Nxf2 24. Rxf2 Bxg3+ 25. Kxg3 (25. Kg1 Bxf2+ 26. Kxf2 Nd6 $19
) 25... Qd6+ 26. Ne5 Rxe5 27. Kh2 Rxe2+ 28. Kg1 Rxf2 $19) 23... Bxg3 24. fxg3
Nxg3 25. Ne5 Qd6 26. Rf2 (26. Qxd5 Qxd5 27. Bxd5 Nxe2+ 28. Kg2 Nxc1 29. Rxc1
Rd6 $36) 26... d4 27. Ng4 f5 $36) 23. Nc3 $6 {Now Vladimir's idea is fully
justified.} ({Instead} 23. a4 $1 Na7 (23... Nxf2 $2 24. Rxf2 Bxg3+ 25. Kxg3
Qd6+ 26. Ne5 Rxe5 27. Kh2) 24. Nc3 Nxf2 $1 {Otherwise Black would have to
suffer from the isolated d5-pawn.} 25. Rxf2 ({Another possibility is} 25. Qxd5
Qxd5 26. Nxd5 Ne4 27. Nc7 Nxg3 $1 28. Nxe8 Nxf1+ 29. Kg1 Ng3 30. Rd1 Nxe2+ 31.
Kf1 Ng3+ 32. Kf2 $11) 25... Bxg3+ 26. Kg1 Bxf2+ 27. Kxf2 {would lead to an
unbalanced position with mutual chances.}) 23... Nbxc3 24. Bxc3 Rae6 ({The
more aggressive} 24... Rg6 $5 {would force White to play} 25. Be1 (25. Kg1 $2 {
runs into} Nxf2 26. Rxf2 Bxg3 27. Qd4 Bxf2+ 28. Qxf2 Qxh3 29. Bxa5 Bxf3 30.
exf3 Qf5 $19) {, and then} 25... Ba7 26. Rc2 Rh6 $36 {keeping White's king
under strong pressure.}) 25. Be1 ({James is sensibly rejecting} 25. Nd4 Nxc3
26. Rxc3 Rxe2 27. Nxe2 Bxe2 28. Qd2 Bxf1 29. Bxf1 b6 $15 {even though it would
be very difficult for Black to convert the extra pawn into a full point.})
25... h6 $6 {Vladimir is returning the favour and letting James consolidate.} (
{There was the much stronger} 25... Rh6 $1 26. Bd2 Rg6 27. Be1 Ba7 $36) 26. Rc2
({Another possible move was} 26. Nd4 Rg6 27. Qd3 Be5 28. Rc2 $11) 26... Ba7 27.
Qc1 $2 {Inviting fresh troubles - White's setup is losing harmony.} ({Instead,
after} 27. Nd4 Rf6 28. a4 Bg6 29. Rc1 $11 {White would be firmly in control.})
27... Bb6 28. e3 Qb5 $1 29. Nd4 (29. Nd2 {was hardly any better:} Nf6 30. a4
Qd3 $17) 29... Bxd4 30. exd4 {Obviously, the change of pawn structure
definitely favours Black.} Bf3 $2 {Perhaps, this was a blunder - Vladimir
didn't notice, that his queen is going to be trapped.} ({The correct} 30... Be2
31. Rg1 Rf6 $1 {would have put James in a critical situation, since only the
exchange of light-squared bishop allows White to maintain the material balance:
} 32. Bxe4 dxe4 33. a4 Qd3 $17) 31. Bxf3 Nxg3 $2 {Mistakes rarely come alone!
Now Black is losing.} ({Instead} 31... Qxf1 32. Be2 Nxg3 33. Bxf1 Nxf1+ 34. Kg2
Rxe1 35. Qb2 ({Not} 35. Qf4 $2 R8e6 $19 {, and White's king is helpless.})
35... R8e6 {would lead to a forced draw:} 36. Rc1 Rg6+ 37. Kh1 Ng3+ 38. Kh2 Re2
39. Rc2 Nf1+ 40. Kh1 Re1 41. Rc1 $11) 32. fxg3 ({GM Tarjan had a decent
alternative at his disposal:} 32. Rg1 Nf1+ 33. Rxf1 Qxf1 34. Bxa5 $18) 32...
Qxf1 33. Bf2 Qd3 (33... Qxc1 34. Rxc1 Rd8 35. Rc5 Rb6 36. Bd1 $18 {is
absolutely hopeless for Black, whose rooks are tied to protecting the weak
pawns.}) 34. Rc3 (34. Bxd5 Re2 35. Rxe2 Rxe2 36. Qf4 $18) 34... Qf5 35. Kg2 Rf6
36. Qc2 $18 {White's powerful bishops easily decide the game now.} Qd7 37. g4
Rc6 38. Rc5 Rd8 (38... Rxc5 39. Qxc5 a4 40. bxa4 Qxa4 41. Bxd5 $18) 39. Qf5
Rxc5 40. Qxd7 Rxd7 41. dxc5 d4 42. Kf1 ({An equally good move was} 42. Bg3 d3
43. Kf2 d2 44. Bd6 b6 45. b4 $18) 42... d3 43. Ke1 d2+ 44. Kd1 Kf8 45. Bg3 Ke7
46. Bd6+ Ke6 47. Kxd2 b6 48. Ke3 bxc5 49. Bxc5 Rd8 50. b4 axb4 51. axb4 f5 52.
b5 fxg4 53. hxg4 g6 54. b6 h5 55. g5 {It definitely makes sense to keep more
pawns on the board.} ({Still, even after} 55. gxh5 gxh5 56. b7 Kd7 57. Bd4 Re8+
58. Kf4 {Black should resign.}) 55... Kd7 56. b7 {A disappointing defeat for
GM Vladimir Kramnik.} 1-0

[Event "Douglas IoM op"]
[Site "Douglas"]
[Date "2017.09.27"]
[Round "5"]
[White "Trent, Lawrence"]
[Black "Kramnik, Vladimir"]
[Result "1/2-1/2"]
[WhiteElo "2427"]
[BlackElo "2803"]
[PlyCount "92"]
[EventDate "2017.09.23"]
[EventType "swiss"]
[EventRounds "9"]
[EventCountry "IOM"]
[SourceTitle "CBM 181"]
[Source "ChessBase"]
[SourceDate "2017.11.10"]
[SourceVersion "1"]
[SourceVersionDate "2017.11.10"]
[SourceQuality "1"]

1. e4 e5 2. Nf3 Nc6 3. Bc4 Bc5 4. c3 Nf6 5. d4 exd4 6. cxd4 Bb4+ 7. Nbd2 d5 8.
exd5 Nxd5 9. O-O O-O 10. a3 Bxd2 11. Bxd2 Bg4 12. h3 Bh5 13. g4 Bg6 14. Re1 Qd6
15. Qb3 Rad8 16. Rac1 h5 17. Bxd5 Qxd5 18. Qxb7 Qxf3 19. Rc3 Qd5 20. Qxc6 hxg4
21. Qxd5 Rxd5 22. Rxc7 gxh3 23. Be3 Re8 24. Rec1 Re4 25. Kh2 Rg4 26. Rc8+ Kh7
27. R8c5 Be4 28. Rxd5 Bxd5 29. Kxh3 f5 30. Rc5 Bg2+ 31. Kh2 Kg6 32. Rc1 Bd5 33.
Rg1 Kh5 34. Rxg4 Kxg4 35. Bd2 f4 36. Bb4 Kf3 37. Kg1 g5 38. Be7 g4 39. b4 Ke2
40. Bh4 Bc6 41. d5 Bxd5 42. Be7 Bc6 43. Bc5 a6 44. Bd6 Kf3 45. Bc7 Bb5 46. Bb8
Bc6 1/2-1/2

[Event "Douglas IoM op"]
[Site "Douglas"]
[Date "2017.09.28"]
[Round "6"]
[White "Kramnik, Vladimir"]
[Black "Kavutskiy, Konstantin"]
[Result "1-0"]
[WhiteElo "2803"]
[BlackElo "2390"]
[PlyCount "91"]
[EventDate "2017.09.23"]
[EventType "swiss"]
[EventRounds "9"]
[EventCountry "IOM"]
[SourceTitle "CBM 181"]
[Source "ChessBase"]
[SourceDate "2017.11.10"]
[SourceVersion "1"]
[SourceVersionDate "2017.11.10"]
[SourceQuality "1"]

1. Nf3 Nf6 2. g3 g6 3. b3 Bg7 4. Bb2 d6 5. d4 O-O 6. Bg2 c5 7. c4 Ne4 8. O-O
Nc6 9. e3 e5 10. Ne1 f5 11. d5 Nb8 12. Bxe4 fxe4 13. Nc3 Bf5 14. g4 Qg5 15. h4
Qxg4+ 16. Qxg4 Bxg4 17. Nxe4 Be2 18. Nxd6 Bxf1 19. Kxf1 b6 20. Ke2 Nd7 21. Nd3
Rad8 22. Ne4 Rde8 23. Rg1 Nf6 24. Ng5 Nxd5 25. cxd5 e4 26. Nxc5 bxc5 27. Bxg7
Kxg7 28. Ne6+ Rxe6 29. dxe6 Kf6 30. Rg4 Ke5 31. Rf4 Re8 32. Rf7 h5 33. Rxa7
Kxe6 34. Ra6+ Kf5 35. Rc6 Kg4 36. Rxc5 Kxh4 37. a4 Kg4 38. a5 h4 39. Rc6 g5 40.
a6 h3 41. Kf1 Rd8 42. Kg1 Rd2 43. Rf6 Ra2 44. b4 Ra4 45. b5 Ra5 46. Rf8 1-0

[Event "Douglas IoM op"]
[Site "Douglas"]
[Date "2017.09.30"]
[Round "8"]
[White "Kramnik, Vladimir"]
[Black "Sethuraman, SP."]
[Result "1-0"]
[WhiteElo "2803"]
[BlackElo "2617"]
[PlyCount "127"]
[EventDate "2017.09.23"]
[EventType "swiss"]
[EventRounds "9"]
[EventCountry "IOM"]
[SourceTitle "CBM 181"]
[Source "ChessBase"]
[SourceDate "2017.11.10"]
[SourceVersion "1"]
[SourceVersionDate "2017.11.10"]
[SourceQuality "1"]

1. d4 Nf6 2. Nf3 d5 3. e3 e6 4. Bd3 c5 5. b3 Be7 6. Bb2 O-O 7. Nbd2 b6 8. Ne5
Ba6 9. dxc5 Bxc5 10. O-O Bxd3 11. Nxd3 Be7 12. c4 Na6 13. Qe2 Nc5 14. Nxc5 Bxc5
15. Rad1 Qe7 16. Bxf6 Qxf6 17. cxd5 exd5 18. Nf3 Rfd8 19. Qd3 a5 20. Rd2 h6 21.
a4 Rac8 22. Rc2 Qe6 23. Rfc1 g6 24. h3 Re8 25. Rd1 Red8 26. Rc3 Qf6 27. Rc2 Qe6
28. Qb5 Kg7 29. Rcd2 Rd6 30. Nd4 Qf6 31. Qe2 Rcd8 32. Rd3 R6d7 33. g3 Kg8 34.
h4 h5 35. Kg2 Kg7 36. Nb5 Qf5 37. Qf3 Qxf3+ 38. Kxf3 Kf6 39. Ke2 Ke6 40. Rc1
Ke7 41. Kf3 Ke6 42. b4 Bxb4 43. Rc6+ Ke7 44. Rxb6 Rc8 45. Nd4 Rd6 46. Rb7+ Kf8
47. Kg2 Rc1 48. Nf3 Kg7 49. Rd4 Rf6 50. Rxd5 Rc2 51. Rd1 Ra2 52. Rb8 Re6 53.
Rd7 Rf6 54. Rdd8 Re6 55. Rg8+ Kf6 56. Nd4 Rd6 57. Nf3 Rxa4 58. Rb7 Re6 59. Ng5
Re7 60. Rb6+ Ke5 61. Rd8 Bc5 62. Rc6 Ba7 63. f4+ Kf5 64. Kh3 1-0

[Event "Paris GCT blitz"]
[Site "Paris"]
[Date "2018.06.24"]
[Round "10"]
[White "Aronian, Levon"]
[Black "Kramnik, Vladimir"]
[Result "1-0"]
[WhiteElo "2764"]
[BlackElo "2792"]
[Annotator "Yermolinsky,A"]
[PlyCount "131"]
[EventDate "2018.06.23"]
[EventType "tourn (blitz)"]
[EventRounds "18"]
[EventCountry "FRA"]
[EventCategory "22"]
[SourceTitle "CBM 185"]
[Source "ChessBase"]
[SourceDate "2018.07.13"]
[SourceVersion "1"]
[SourceVersionDate "2018.07.13"]
[SourceQuality "1"]

1. e4 e6 2. d4 d5 3. Nc3 Nf6 4. Bg5 dxe4 5. Nxe4 Nbd7 6. Nf3 h6 7. Nxf6+ Nxf6
8. Be3 Bd6 9. Bd3 b6 10. Qe2 Bb7 11. O-O-O Nd5 12. c4 Nxe3 13. fxe3 Qe7 14. e4
e5 15. c5 bxc5 16. dxe5 Bxe5 17. Bb5+ c6 18. Nxe5 Qxe5 19. Bc4 Bc8 20. Rhf1 Be6
21. Bxe6 Qxe6 22. Kb1 O-O 23. Rf5 Rab8 24. Rxc5 Rb4 25. Qc2 Rfb8 26. b3 Rxe4
27. Rxc6 Qe8 28. Rc1 Rd4 29. Rc8 Rd8 30. Rxb8 Rxb8 31. Qc5 Qe4+ 32. Rc2 a6 33.
Kb2 Rd8 34. g3 g6 35. Qc3 Qe6 36. Qc6 Qe5+ 37. Qc3 Rd4 38. a4 h5 39. Ka2 Qd5
40. Ka3 Rd3 41. Qc4 Qd6+ 42. Ka2 Kg7 43. Qc6 Qxc6 44. Rxc6 Rd2+ 45. Ka3 Rxh2
46. Rxa6 h4 (46... Rh3 47. a5 Rxg3 48. Rc6 h4) 47. gxh4 Rxh4 48. a5 g5 49. Rb6
g4 50. Rb4 f5 51. a6 (51. Rf4 Kf6 52. Rf1 g3 53. a6 Kg5 54. Rg1 f4 55. b4 Rh8
56. b5 {keeps the pawns on an even course, so a draw is a likely result}) 51...
Rh8 {Kramnik's winning now.} 52. Rf4 Kf6 {This endgame is too complicated for
blitz - mistakes are unavoidable.} (52... Rf8 $1 53. a7 (53. b4 g3 54. Rf1 f4
55. Rg1 Kf6 56. b5 Ke6 57. b6 f3 58. Re1+ Kd7 $19) 53... Kf6 54. b4 Ra8 $19)
53. b4 Kg5 54. Rf1 g3 55. b5 Ra8 56. Kb4 f4 57. Ka5 g2 58. Rg1 f3 59. b6 Kf4 (
59... Rf8 60. a7 Kh4 61. b7 f2 62. b8=Q fxg1=Q $19) 60. b7 Rh8 $4 {Alright,
Kramnik blew a win, but losing it?} (60... f2 61. bxa8=Q fxg1=Q $11) 61. a7 {
White threatens to queen with check.} Ke3 62. b8=Q Rh5+ 63. Ka4 Rh4+ 64. Ka3 f2
65. Qg3+ Ke2 66. Rxg2 1-0

[Event "Paris GCT blitz"]
[Site "Paris"]
[Date "2018.06.24"]
[Round "11"]
[White "Kramnik, Vladimir"]
[Black "Mamedyarov, Shakhriyar"]
[Result "0-1"]
[WhiteElo "2792"]
[BlackElo "2808"]
[Annotator "Yermolinsky,A"]
[PlyCount "62"]
[EventDate "2018.06.23"]
[EventType "tourn (blitz)"]
[EventRounds "18"]
[EventCountry "FRA"]
[EventCategory "22"]
[SourceTitle "CBM 185"]
[Source "ChessBase"]
[SourceDate "2018.07.13"]
[SourceVersion "1"]
[SourceVersionDate "2018.07.13"]
[SourceQuality "1"]

1. e4 e5 2. Nf3 Nc6 3. Bb5 a6 4. Ba4 b5 5. Bb3 g6 6. d4 exd4 7. Nxd4 Na5 8. O-O
Bg7 9. Re1 Ne7 10. e5 O-O 11. Bg5 c5 12. Bd5 Rb8 13. Nb3 Nxb3 14. axb3 h6 15.
Bh4 Rb6 16. Nc3 g5 17. Bg3 Nf5 18. Ne4 Nxg3 19. hxg3 Bxe5 20. c3 d6 21. Qh5 Bg7
22. Rad1 b4 23. f4 gxf4 24. gxf4 bxc3 25. bxc3 Qd7 26. Rd3 Qf5 27. Qf3 Be6 28.
Ng3 Qg4 29. Qe4 {I bet Kramnik thought he was winning here.} ({A much better
move was} 29. Qxg4 Bxg4 30. Re7) 29... Re8 30. Nf5 Rbb8 31. Rg3 $4 {Logically,
this had to be the concluding move, forcing Black's resignation.} ({In reality
White had to be looking for a bailout:} 31. Nxd6 Bxd5 32. Qxe8+ Rxe8 33. Rxe8+
Kh7 34. Rxd5 Bxc3 35. Ne4 Bg7 36. Nxc5 Qxf4 37. Re4) {However....} 31... Qxf5
0-1

[Event "Paris GCT blitz"]
[Site "Paris"]
[Date "2018.06.24"]
[Round "14"]
[White "Nakamura, Hikaru"]
[Black "Kramnik, Vladimir"]
[Result "1-0"]
[WhiteElo "2769"]
[BlackElo "2792"]
[Annotator "Yermolinsky,A"]
[PlyCount "37"]
[EventDate "2018.06.23"]
[EventType "tourn (blitz)"]
[EventRounds "18"]
[EventCountry "FRA"]
[EventCategory "22"]
[SourceTitle "CBM 185"]
[Source "ChessBase"]
[SourceDate "2018.07.13"]
[SourceVersion "1"]
[SourceVersionDate "2018.07.13"]
[SourceQuality "1"]

1. Nf3 Nf6 2. b3 d5 3. Bb2 e6 4. g3 Be7 5. Bg2 O-O 6. O-O c5 7. d4 Nc6 8. e3 b6
9. c4 Ba6 10. Ne5 Rc8 11. Nd2 cxd4 12. Nxc6 Rxc6 13. Bxd4 Rc7 14. Qe2 Bb4 15.
Rfd1 Qe7 16. a3 Bxd2 17. Qxd2 dxc4 18. Be5 Rd7 $4 ({Even I was looking at} 
18... c3 {as the only move.} 19. Qc2 Rd7 20. Rxd7 Nxd7 21. Bxc3 $14) 19. Bxf6
1-0

[Event "Dortmund 46th"]
[Site "Dortmund"]
[Date "2018.07.15"]
[Round "2"]
[White "Wojtaszek, Radoslaw"]
[Black "Kramnik, Vladimir"]
[Result "1/2-1/2"]
[WhiteElo "2733"]
[BlackElo "2792"]
[PlyCount "93"]
[EventDate "2018.07.14"]
[EventType "tourn"]
[EventRounds "7"]
[EventCountry "GER"]
[EventCategory "19"]
[SourceTitle "CBM 186"]
[Source "ChessBase"]
[SourceDate "2018.09.14"]
[SourceVersion "1"]
[SourceVersionDate "2018.09.14"]
[SourceQuality "1"]

1. d4 Nf6 2. c4 e6 3. Nc3 Bb4 4. Nf3 O-O 5. Bg5 c5 6. e3 h6 7. Bh4 cxd4 8. exd4
d5 9. Rc1 Nc6 10. a3 Be7 11. c5 Ne4 12. Bxe7 Qxe7 13. Be2 Rd8 14. O-O e5 15.
Nxe5 Nxe5 16. dxe5 Nxc3 17. Rxc3 d4 18. Rc1 Qxe5 19. Bd3 Bf5 20. b4 a5 21. Re1
Qxe1+ 22. Qxe1 Bxd3 23. bxa5 Rac8 24. Qe7 Ba6 25. c6 Re8 26. Qb4 Rxc6 27. Rxc6
bxc6 28. h4 d3 29. Kh2 Kh7 30. Qd6 Re6 31. Qd7 Rf6 32. Qd4 h5 33. a4 Re6 34.
Kg3 Rg6+ 35. Kf3 Re6 36. Kg3 g6 37. Qa7 Kg7 38. Qd4+ Kg8 39. Qd8+ Kh7 40. Qd4
Re2 41. Qd7 Bc4 42. Qxc6 Rc2 43. Qe4 Rc3 44. Qd4 Rc2 45. Qe4 Rc3 46. Qd4 Rc2
47. Qe4 1/2-1/2

[Event "Dortmund 46th"]
[Site "Dortmund"]
[Date "2018.07.17"]
[Round "3"]
[White "Kramnik, Vladimir"]
[Black "Meier, Georg"]
[Result "1/2-1/2"]
[WhiteElo "2792"]
[BlackElo "2628"]
[PlyCount "97"]
[EventDate "2018.07.14"]
[EventType "tourn"]
[EventRounds "7"]
[EventCountry "GER"]
[EventCategory "19"]
[SourceTitle "CBM 186"]
[Source "ChessBase"]
[SourceDate "2018.09.14"]
[SourceVersion "1"]
[SourceVersionDate "2018.09.14"]
[SourceQuality "1"]

1. e4 e6 2. d4 d5 3. Nc3 dxe4 4. Nxe4 Nd7 5. Nf3 Ngf6 6. Nxf6+ Nxf6 7. c3 c5 8.
Be3 Qc7 9. Bb5+ Bd7 10. Bxd7+ Nxd7 11. d5 exd5 12. Qxd5 Nf6 13. Qc4 Bd6 14. Bg5
Qe7+ 15. Kf1 O-O 16. Re1 Qd8 17. g3 h6 18. Bxf6 Qxf6 19. Kg2 Rfd8 20. Re4 Qf5
21. Rd1 Qc8 22. Rd5 Qc7 23. g4 Bf8 24. Rde5 g6 25. h4 Bd6 26. Rd5 Bf8 27. Rxd8
Rxd8 28. h5 gxh5 29. gxh5 Qc6 30. Rg4+ Bg7 31. Rg3 Rd5 32. Qh4 b5 33. b3 Qe6
34. c4 bxc4 35. bxc4 Rd3 36. Rg4 Rc3 37. Qg3 Qf6 38. Qb8+ Kh7 39. Qb1+ Kh8 40.
Qb8+ Kh7 41. Rf4 Qe6 42. Qb1+ Kg8 43. Re4 Qc8 44. a4 Bd4 45. Rf4 Be5 46. Rf5
Bg7 47. Rf4 Be5 48. Rf5 Bg7 49. Rf4 1/2-1/2